Carlos Fuentealba Camino de un maestro /
Carlos Fuentealba. Camino de un maestro es un documental sobre la vida del maestro asesinado el 4 de abril de 2007 en la provincia de Neuquén. Este especial realiza un recorrido por la vida de Fuentealba a través de archivos y testimonios de familiares, amigos, alumnos y de su pareja, Sandra Rodrígu...
Guardado en:
| Autor Principal: | |
|---|---|
| Autores Corporativos: | , , , |
| Otros Autores: | , |
| Formato: | |
| Idioma: | Undetermined |
| Publicado: |
Buenos Aires :
Canal Encuentro,
2013.
|
| Materias: | |
| Acceso en línea: | http://encuentro.gob.ar/programas/5946 |
| Etiquetas: |
Agregar Etiqueta
Sin Etiquetas, Sea el primero en etiquetar este registro!
|
| LEADER | 01446ngm a22003015a 4500 | ||
|---|---|---|---|
| 001 | CEM.cems019897 | ||
| 008 | 230216s2013####ag#---############vlund#d | ||
| 005 | 20230301185311.0 | ||
| 245 | 1 | 0 | |a Carlos Fuentealba |h [videograbación] : |b Camino de un maestro / |c Luciano Zito. |
| 260 | |a Buenos Aires : |b Canal Encuentro, |c 2013. | ||
| 300 | |a 52'. | ||
| 538 | |a Soporte: DVD -- Formato: AVI -- Peso: 3.20 gb -- Resolución: 720 x 576 -- 25fps PAL | ||
| 520 | |a Carlos Fuentealba. Camino de un maestro es un documental sobre la vida del maestro asesinado el 4 de abril de 2007 en la provincia de Neuquén. Este especial realiza un recorrido por la vida de Fuentealba a través de archivos y testimonios de familiares, amigos, alumnos y de su pareja, Sandra Rodríguez, quien mantiene viva la lucha por la justicia. | ||
| 100 | 1 | |a Zito, Luciano. | |
| 700 | 1 | |a Gonzalez, Gastón; Producción. | |
| 700 | 1 | |a Lublinsky, Guido; Dirección de fotografía y cámara. | |
| 710 | 2 | |a Instituto Movilizador de Fondos Cooperativos. | |
| 710 | 2 | |a Centro cultural de la cooperación Floreal Gorini. | |
| 710 | 2 | |a Ministerio de Educación de la Nación. | |
| 710 | 2 | |a Canal Encuentro. | |
| 653 | |a ARGENTINA | ||
| 653 | |a REPRESIÓN | ||
| 653 | |a NEUQUÉN | ||
| 653 | |a DOCENTE | ||
| 653 | |a MAESTRO | ||
| 653 | |a FUENTEALBA | ||
| 856 | |u http://encuentro.gob.ar/programas/5946 | ||
| 859 | |a CEMS |b BIB. CEMS - Depto. Recursos Didacticos |h 982 |i ZIT |k DRD |p 2952.23 |t Ej.1 | ||
